[Event "Ceske Budejovice op-A"]
[Site "Ceske Budejovice"]
[Date "2025.07.04"]
[Round "7"]
[White "Piotraschke, Jens"]
[Black "Rajbharath, Harjith"]
[Result "1/2-1/2"]
[WhiteElo "2036"]
[BlackElo "1877"]
[PlyCount "37"]
[EventDate "2025.06.28"]
[EventType "swiss"]
[EventRounds "9"]
[EventCountry "CZE"]
[SourceTitle "CB28_2025"]
[SourceDate "2025.07.09"]
[SourceVersion "1"]
[SourceVersionDate "2025.07.09"]
[SourceQuality "1"]

1. d4 d5 2. Nf3 e6 3. c4 c6 4. e3 Nf6 5. b3 Nbd7 6. Bb2 Bd6 7. Nbd2 0-0 8. Bd3 Re8 9. Ne5 Bxe5 10. dxe5 Nc5 11. Bc2 Nfe4 12. Nxe4 dxe4 13. Qxd8 Rxd8 14. Ke2 b5 15. cxb5 cxb5 16. Bd4 b4 17. Rhc1 Ba6+ 18. Ke1 Nd3+ 19. Bxd3 1/2-1/2

[Event "Ceske Budejovice op-A"]
[Site "Ceske Budejovice"]
[Date "2025.06.30"]
[Round "3"]
[White "Stastna, Martina"]
[Black "Rajbharath, Harjith"]
[Result "1/2-1/2"]
[WhiteElo "1979"]
[BlackElo "1877"]
[PlyCount "91"]
[EventDate "2025.06.28"]
[EventType "swiss"]
[EventRounds "9"]
[EventCountry "CZE"]
[SourceTitle "CB28_2025"]
[SourceDate "2025.07.09"]
[SourceVersion "1"]
[SourceVersionDate "2025.07.09"]
[SourceQuality "1"]

1. e4 c6 2. d4 d5 3. exd5 cxd5 4. Bd3 Nc6 5. c3 Qc7 6. h3 e5 7. dxe5 Nxe5 8. Nf3 Nxd3+ 9. Qxd3 Nf6 10. 0-0 Be7 11. Re1 0-0 12. Nbd2 h6 13. Nf1 Bc5 14. Be3 Bd7 15. Bd4 Qb6 16. Bxc5 Qxc5 17. Nd4 Rfe8 18. Re3 Qb6 19. b3 Rxe3 20. Nxe3 Rc8 21. Rc1 Qa5 22. a4 a6 23. Ne2 Be6 24. Nc2 Ne4 25. Ncd4 Nc5 26. Qd1 Ne4 27. Nxe6 fxe6 28. Qd4 Qc5 29. Qxc5 Nxc5 30. Rb1 e5 31. a5 Kf7 32. b4 Ne4 33. Rc1 Ke6 34. f3 Nd6 35. f4 Nb5 36. Kf2 Rc4 37. fxe5 Kxe5 38. Ke3 h5 39. Kd3 Nd6 40. Rf1 Nf5 41. Ng1 g6 42. Nf3+ Kf6 43. Nd4 Kg5 44. Ne6+ Kh4 45. Rf3 Re4 46. Nc5 1/2-1/2

[Event "POL-chT U20 1st League"]
[Site "Chotowa"]
[Date "2025.06.18"]
[Round "5.10"]
[White "Sucharski, Jakub"]
[Black "Rajbharath, Harjith"]
[Result "0-1"]
[WhiteElo "1775"]
[BlackElo "1877"]
[PlyCount "68"]
[EventDate "2025.06.14"]
[EventType "team-swiss"]
[EventRounds "9"]
[EventCountry "POL"]
[SourceTitle "CB26_2025"]
[SourceDate "2025.06.25"]
[SourceVersion "1"]
[SourceVersionDate "2025.06.25"]
[SourceQuality "1"]
[WhiteTeam "Bialoleka Bohema Sparta"]
[BlackTeam "Czestochowa Hetman"]
[WhiteTeamCountry "POL"]
[BlackTeamCountry "POL"]

1. d4 d5 2. c4 c6 3. cxd5 cxd5 4. Nc3 Nc6 5. Nf3 Nf6 6. e3 Bf5 7. a3 e6 8. Be2 a6 9. Nh4 Be4 10. Nxe4 Nxe4 11. Nf3 Qa5+ 12. Bd2 Qb6 13. b4 Bd6 14. 0-0 0-0 15. Ne1 e5 16. dxe5 Bxe5 17. Rb1 d4 18. Bf3 Nc3 19. Bxc3 dxc3 20. Nd3 Qc7 21. Nxe5 Nxe5 22. Be4 Rfd8 23. Qb3 Qc4 24. Qc2 Rd2 25. Bxh7+ Kh8 26. Qf5 g6 27. Qxe5+ Kxh7 28. Rbc1 c2 29. h3 Rad8 30. Rfe1 Rd1 31. Qa1 Qe2 32. Qa2 Qxe1+ 33. Kh2 Qxf2 34. Rxc2 R1d2 0-1

[Event "Katowice rapid op"]
[Site "Katowice"]
[Date "2025.05.31"]
[Round "10"]
[White "Rajbharath, Harjith"]
[Black "Chylewski, Patryk"]
[Result "0-1"]
[WhiteElo "1922"]
[BlackElo "2174"]
[PlyCount "70"]
[EventDate "2025.05.31"]
[EventType "swiss"]
[EventRounds "11"]
[EventCountry "POL"]
[SourceTitle "CB24_2025"]
[SourceDate "2025.06.11"]
[SourceVersion "1"]
[SourceVersionDate "2025.06.11"]
[SourceQuality "1"]

1. d4 Nf6 2. c4 e6 3. Nf3 b6 4. a3 Bb7 5. Nc3 d5 6. cxd5 Nxd5 7. Bd2 Be7 8. g3 0-0 9. Bg2 Nd7 10. 0-0 c5 11. dxc5 Nxc5 12. b4 Nd7 13. Nxd5 Bxd5 14. Rc1 Bf6 15. Bc3 Qe7 16. Nd4 Bxg2 17. Kxg2 Rac8 18. Nb5 a6 19. Bxf6 Nxf6 20. Qd6 Qb7+ 21. f3 axb5 22. Rfd1 h6 23. e4 Rxc1 24. Rxc1 Qd7 25. Qxd7 Nxd7 26. Rc7 Rd8 27. Rb7 Kf8 28. Kf2 Ke7 29. Ke3 Kd6 30. f4 Kc6 31. Ra7 Rc8 32. e5 h5 33. Kd4 g6 34. h4 Rc7 35. Ra8 Kb7 0-1

[Event "Katowice rapid op"]
[Site "Katowice"]
[Date "2025.05.31"]
[Round "6"]
[White "Rajbharath, Harjith"]
[Black "Kruszynski, Lukasz"]
[Result "1-0"]
[WhiteElo "1922"]
[BlackElo "1655"]
[PlyCount "131"]
[EventDate "2025.05.31"]
[EventType "swiss"]
[EventRounds "11"]
[EventCountry "POL"]
[SourceTitle "CB24_2025"]
[SourceDate "2025.06.11"]
[SourceVersion "1"]
[SourceVersionDate "2025.06.11"]
[SourceQuality "1"]

1. d4 Nf6 2. c4 e6 3. Nc3 Bb4 4. Nf3 b6 5. g3 Bb7 6. Bg2 Bxc3+ 7. bxc3 Ne4 8. Qc2 d5 9. cxd5 exd5 10. Ba3 c5 11. 0-0 0-0 12. Ne5 Nd7 13. Nxd7 Qxd7 14. f3 Nd6 15. dxc5 bxc5 16. Bxc5 Rfc8 17. Be3 Nf5 18. Bf2 Ne7 19. Rfd1 Qe6 20. Qd2 Ba6 21. Bf1 Rc7 22. e3 Rac8 23. Rac1 Bxf1 24. Kxf1 Qf6 25. Kg2 Rxc3 26. Rxc3 Qxc3 27. Qxc3 Rxc3 28. Rb1 Nc6 29. Rb5 g6 30. Rxd5 Rc2 31. a4 Nb4 32. Rd4 Nc6 33. Rd5 Nb4 34. Rd4 Nc6 35. Rd6 Kf8 36. f4 Ke7 37. Rd5 Ke6 38. Rb5 Ra2 39. Kf3 Rxa4 40. Rb7 a5 41. Rc7 Rc4 42. Rb7 a4 43. e4 Rc3+ 44. Ke2 a3 45. Rb6 Rc2+ 46. Kd3 Rxf2 47. Rxc6+ Kd7 48. Ra6 a2 49. h4 h5 50. Ke3 Rb2 51. f5 gxf5 52. exf5 Kc7 53. f6 Kb7 54. Ra4 Kb6 55. Kf4 Kb5 56. Ra8 Kb4 57. Kg5 Kc3 58. Kxh5 Kc2 59. Kh6 Kb1 60. Kg7 Rb7 61. h5 Kb2 62. h6 Rb3 63. h7 Rxg3+ 64. Kxf7 a1Q 65. Rxa1 Kxa1 66. h8Q 1-0

[Event "Katowice rapid op"]
[Site "Katowice"]
[Date "2025.05.31"]
[Round "8"]
[White "Rajbharath, Harjith"]
[Black "Pajak, Patrycja"]
[Result "1-0"]
[WhiteElo "1922"]
[BlackElo "1681"]
[PlyCount "117"]
[EventDate "2025.05.31"]
[EventType "swiss"]
[EventRounds "11"]
[EventCountry "POL"]
[SourceTitle "CB24_2025"]
[SourceDate "2025.06.11"]
[SourceVersion "1"]
[SourceVersionDate "2025.06.11"]
[SourceQuality "1"]

1. d4 Nf6 2. c4 g6 3. Nc3 Bg7 4. e4 d6 5. h3 Nbd7 6. Be3 0-0 7. Nge2 e5 8. d5 a5 9. g4 b6 10. Ng3 Nc5 11. Be2 Nfd7 12. Qd2 a4 13. h4 f6 14. 0-0-0 a3 15. b3 Nb8 16. Rdg1 Rf7 17. Bh6 Qf8 18. Bxg7 Rxg7 19. Bd1 c6 20. f3 Raa7 21. g5 f5 22. exf5 Bxf5 23. Nce4 Nxe4 24. fxe4 Bc8 25. h5 cxd5 26. Qxd5+ Qf7 27. h6 Qxd5 28. exd5 Rgf7 29. Ne4 Nd7 30. Nxd6 Rf8 31. Rf1 Ba6 32. Bg4 Rxf1+ 33. Rxf1 Nc5 34. Nc8 Bxc8 35. Bxc8 Ra8 36. Bg4 e4 37. Kd2 Re8 38. Ke3 Na6 39. Be6+ Kh8 40. Kxe4 Nb4 41. Rf2 Na6 42. Ke5 Nc5 43. Re2 Nd7+ 44. Kd6 Nc5 45. Re1 Rd8+ 46. Kc6 Rf8 47. Kxb6 Nd3 48. Re3 Nc1 49. d6 Nxa2 50. d7 Nb4 51. Bd5 Nxd5+ 52. cxd5 a2 53. Re8 Kg8 54. Rxf8+ Kxf8 55. d8Q+ Kf7 56. Qc7+ Ke8 57. Qb8+ Ke7 58. Qa7+ Ke8 59. Qxa2 1-0

[Event "Ustron op-B"]
[Site "Ustron"]
[Date "2024.08.17"]
[Round "9"]
[White "Rajbharath, Harjith"]
[Black "Becker, Krzysztof"]
[Result "1-0"]
[WhiteElo "1833"]
[BlackElo "1741"]
[PlyCount "135"]
[EventDate "2024.08.09"]
[EventType "swiss"]
[EventRounds "9"]
[EventCountry "POL"]
[SourceTitle "EXT 2025"]
[Source "ChessBase"]
[SourceDate "2024.10.14"]
[SourceVersion "1"]
[SourceVersionDate "2024.10.14"]
[SourceQuality "1"]

1. d4 d5 2. Nf3 Nf6 3. c4 e6 4. Nc3 Be7 5. Bg5 0-0 6. e3 h6 7. Bh4 Nbd7 8. Bd3 dxc4 9. Bxc4 Nb6 10. Bd3 Nfd5 11. Bxe7 Qxe7 12. 0-0 c5 13. Nxd5 Nxd5 14. dxc5 Qxc5 15. Rc1 Qe7 16. Qb3 b6 17. Rfd1 Bb7 18. a3 Rac8 19. Qa4 Ba8 20. h3 Rfd8 21. Be2 e5 22. Qg4 Rxc1 23. Rxc1 Bb7 24. Qg3 Re8 25. Bb5 Rd8 26. Qxe5 Qf6 27. Qxf6 Nxf6 28. Nd4 a6 29. Rc7 Bxg2 30. Kxg2 axb5 31. Rc6 b4 32. axb4 Nd5 33. b5 g6 34. Nc2 Rb8 35. Rd6 Ne7 36. Nd4 Kf8 37. Kf3 Ke8 38. Ke4 Nc8 39. Rc6 Kd7 40. Ke5 Rb7 41. e4 Ra7 42. Kf6 Ra4 43. Nf3 Rxe4 44. Ne5+ Kd8 45. Nxf7+ Kd7 46. Ne5+ Kd8 47. Nxg6 Rb4 48. f4 Rxb5 49. Ne5 Rxb2 50. f5 Rf2 51. Ke6 Rxf5 52. Kxf5 Ne7+ 53. Ke6 Nxc6 54. Nxc6+ Ke8 55. Nb4 Kf8 56. Kf6 h5 57. Nd5 b5 58. Kg5 Kg7 59. Kxh5 Kh7 60. Kg5 Kg7 61. h4 Kh7 62. h5 Kg7 63. h6+ Kg8 64. Kg6 Kh8 65. Nc7 b4 66. Ne6 b3 67. Ng5 b2 68. Nf7+ 1-0

[Event "Ustron op-B"]
[Site "Ustron"]
[Date "2024.08.16"]
[Round "8"]
[White "Osinski, Tomasz"]
[Black "Rajbharath, Harjith"]
[Result "0-1"]
[WhiteElo "1813"]
[BlackElo "1833"]
[PlyCount "82"]
[EventDate "2024.08.09"]
[EventType "swiss"]
[EventRounds "9"]
[EventCountry "POL"]
[SourceTitle "EXT 2025"]
[Source "ChessBase"]
[SourceDate "2024.10.14"]
[SourceVersion "1"]
[SourceVersionDate "2024.10.14"]
[SourceQuality "1"]

1. e4 e6 2. d4 d5 3. Nd2 c5 4. Ngf3 cxd4 5. Nxd4 Nc6 6. Bb5 Bd7 7. Nxc6 bxc6 8. Bd3 Bd6 9. 0-0 Ne7 10. f4 0-0 11. f5 f6 12. exd5 cxd5 13. fxe6 Bxe6 14. Nb3 Be5 15. c3 Qc7 16. h3 Bf7 17. Be3 Rab8 18. Qc2 Bg6 19. Nc5 Qc6 20. b4 Rfd8 21. a3 d4 22. cxd4 Bxd4 23. Bxd4 Rxd4 24. Bxg6 Nxg6 25. Rad1 Rbd8 26. Rxd4 Rxd4 27. Rd1 Qd5 28. Rxd4 Qxd4+ 29. Kh2 Qd6+ 30. Kh1 Qd5 31. Qb3 Qxb3 32. Nxb3 Kf7 33. Nd4 Ne5 34. Kg1 Ke8 35. Kf2 Kd7 36. Ke2 g6 37. g4 Kc7 38. Ne6+ Kd6 39. Nf8 h6 40. a4 Ke7 41. Nh7 Kf7 0-1

[Event "POL-ch U10"]
[Site "Jastrzebia Gora"]
[Date "2022.03.16"]
[Round "9"]
[White "Rajbharath, Harjith"]
[Black "Mrozowski, Nikodem"]
[Result "1/2-1/2"]
[WhiteElo "1159"]
[BlackElo "1282"]
[PlyCount "96"]
[EventDate "2022.03.08"]
[EventType "swiss"]
[EventRounds "9"]
[EventCountry "POL"]
[SourceTitle "EXT 2023"]
[Source "ChessBase"]
[SourceDate "2022.10.05"]
[SourceVersion "1"]
[SourceVersionDate "2022.10.05"]
[SourceQuality "1"]

1. Nf3 Nf6 2. Nc3 Nc6 3. e4 d6 4. d4 Bg4 5. Be2 e6 6. 0-0 d5 7. e5 Nd7 8. Be3 Be7 9. Nd2 Bf5 10. Bg4 Bg6 11. Nb3 Nb6 12. Be2 0-0 13. a3 Re8 14. f4 f5 15. Nd2 Rc8 16. Bb5 a6 17. Bxc6 bxc6 18. b3 c5 19. Nf3 cxd4 20. Bxd4 c5 21. Bf2 d4 22. Ne2 a5 23. a4 Bh5 24. Ng3 Bxf3 25. Qxf3 g6 26. Rfd1 Qd5 27. Qxd5 Nxd5 28. Ne2 Nb4 29. Rd2 Red8 30. Rad1 Rc7 31. c3 Nc6 32. cxd4 cxd4 33. Nxd4 Nxd4 34. Bxd4 Rb7 35. Rd3 Rxd4 36. Rxd4 Bc5 37. Kf1 Bxd4 38. Rxd4 Rxb3 39. Rd8+ Kg7 40. Ra8 Rb4 41. Rxa5 Rxf4+ 42. Ke2 Re4+ 43. Kf3 Kf7 44. h3 h5 45. g3 g5 46. Kf2 g4 47. hxg4 fxg4 48. Ra7+ Kg6 1/2-1/2

[Event "EU-ch Hybrid U10"]
[Site "Tornelo INT"]
[Date "2021.10.15"]
[Round "5"]
[White "Harutyunyan, Arman G"]
[Black "Rajbharath, Harjith"]
[Result "1-0"]
[WhiteElo "1395"]
[BlackElo "1120"]
[PlyCount "71"]
[EventDate "2021.10.15"]
[EventType "swiss"]
[EventRounds "9"]
[EventCountry "NET"]
[SourceTitle "EXT 2023"]
[Source "ChessBase"]
[SourceDate "2022.10.05"]
[SourceVersion "1"]
[SourceVersionDate "2022.10.05"]
[SourceQuality "1"]
[WhiteTeam "Armenia"]
[BlackTeam "Poland"]
[WhiteTeamCountry "ARM"]
[BlackTeamCountry "POL"]

1. e4 c6 2. Nc3 d5 3. Qe2 d4 4. Nd1 e5 5. d3 Bd6 6. g3 Ne7 7. f4 0-0 8. f5 f6 9. Nf3 Kh8 10. Nf2 Bb4+ 11. Bd2 Qa5 12. Bh3 Bxd2+ 13. Nxd2 Qb4 14. Nd1 g5 15. 0-0 Kg7 16. a3 Qc5 17. Nc4 a5 18. Rc1 b5 19. Nd2 a4 20. Nf2 Qb6 21. Qh5 h6 22. Ng4 Rh8 23. Nxe5 Rf8 24. Ng4 Rh8 25. e5 Nxf5 26. exf6+ Kf8 27. Ne5 Rh7 28. Bxf5 Bxf5 29. Rxf5 Qc7 30. Ng6+ Kg8 31. Ne7+ Kf8 32. Re1 Na6 33. Qg6 Rh8 34. Qg7+ Ke8 35. Nxc6+ Qe7 36. Rxe7# 1-0